TBMM çalışmaları (Record no. 5324)
[ view plain ]
| 000 -BAŞLIK | |
|---|---|
| Sabit Uzunlukta Kontrol Alanı | 00819na a2200253 4500 |
| 001 - KONTROL NUMARASI | |
| Denetim Alanı | 17977 |
| 003 - KONTROL NUMARASI IDENTIFIER | |
| Denetim Alanı | MIRAKIL |
| 005 - SON İŞLEM TARİHİ VE ZAMANI | |
| Denetim Alanı | 20181213155033.0 |
| 008 - SABİT-BOY VERİ ELEMANLARI - GENEL BİLGİLER | |
| Sabit Uzunlukta Kontrol Alanı | 161109b tu 000 0 |
| 035 ## - SİSTEM KONTROL NUMARASI | |
| Sistem Kontrol Numarası | 17977 |
| 040 ## - KATALOGLAMA KAYNAK | |
| Orijinal Kataloglama Ajansı | Milas |
| Kataloglama Dili | tur |
| Metne Dönüştürmek Ajansı | TR-AnCHP |
| 041 ## - DİL KODU | |
| Metin / Ses Parça Veya Ayrı Başlığın Dil Kodu | tur |
| 082 ## - DEWEY ONLU SINIFLANDIRMA NUMARASI | |
| Sınıflandırma Numarası | CHP 351.00352 |
| Ürün Numarası | K91t [2000?] |
| 090 ## - SINIFLAMA NUMARASI | |
| Sınıflama Numarası | CHP 351.00352 K91t [2000?] |
| 100 ## - ANA GİRİŞ - KİŞİSEL İSİM | |
| Kişisel Ad | Küçük, Ahmet |
| 245 ## - BAŞLIK TABLOSU | |
| Başlık | TBMM çalışmaları |
| Başlığın Kalan | 24.12.1995/18.04.1999 |
| Sorumluluk Tablosu, Vb | Ahmet Küçük |
| 260 ## - YAYIN, DAĞITIM, VB | |
| Yayın, Dağıtım, Vb Yeri | Ankara |
| Yayıncı, Dağıtıcı, Vs Adı | [yayl. y.] |
| Yayın, Dağıtım, Vb Tarihi | [2010?] |
| 300 ## - FİZİKSEL TANIM | |
| Kapsam | 78 s. |
| Boyutlar | 21 sm. |
| 600 ## - KONU KATMA GİRİŞ - KURUMSAL ADI | |
| Kişisel Ad | Küçük, Ahmet |
| Başlıklar Ve Bir Adla İlişkili Diğer Kelimeler | İnşaat Mühendisi, CHP Çanakkale Milletvekili, CHP MYK Üyesi, |
| Genel Alt Bölümü | Meclis çalışmaları |
| 610 ## - KONU KATMA GİRİŞ - TOPLANTI ADI | |
| Giriş Elemanı Olarak Kurumsal Ad Veya Yargı Alanı Adı | TBMM |
| Genel Alt Bölüm | Yasama çalışmaları |
| 610 ## - KONU KATMA GİRİŞ - TOPLANTI ADI | |
| Giriş Elemanı Olarak Kurumsal Ad Veya Yargı Alanı Adı | CHP |
| Genel Alt Bölüm | Meclis çalışmaları |
| 650 ## - KONU KATMA GİRİŞ - TOPİKAL DÖNEM | |
| Topikal Süreli Veya Coğrafi Ad Giriş Elemanı | CHP milletvekilleri |
| Genel Alt Bölümü | Meclis çalışmaları |
| 942 ## - EKLENDİ GİRİŞ ELEMANLARI (KOHA) | |
| Sınıflandırma Veya Raf Düzeni Kaynak | Dewey Decimal Classification |
| Koha Öğesi Türü | Books |
| 999 ## - SİSTEM KONTROL NUMARALARI (KOHA) | |
| Koha Biblionumber | 5324 |
| Koha Biblioitemnumber | 5324 |
| Kalıcı Konum | Mevcut Konum | Edinme Tarihi | Edinim Kaynak | Toplam Check-Out'Lar | Tam Çağrı Numarası | Barkod | Tarih Son Görülme | İtibaren Geçerli Fiyatlar | Koha Öğesi Türü |
|---|---|---|---|---|---|---|---|---|---|
| CHP Kütüphanesi | CHP Kütüphanesi | 11/09/2016 | Bağış | CHP 351.00352 K91t [2000?] | 009280 | 11/09/2016 | 11/09/2016 | Books |
